A Chaucer reader : (Record no. 925)

MARC details
000 -LEADER
fixed length control field 00805cam a2200193 4500
001 - CONTROL NUMBER
control field 1290
005 - DATE AND TIME OF LATEST TRANSACTION
control field 20181127163036.0
008 - FIXED-LENGTH DATA ELEMENTS--GENERAL INFORMATION
fixed length control field 720417s1952 nyu b 000 0 eng
010 ## - LIBRARY OF CONGRESS CONTROL NUMBER
LC control number 52002407
100 1# - MAIN ENTRY--PERSONAL NAME
Personal name Chaucer, Geoffrey,
Dates associated with a name d. 1400.
245 12 - TITLE STATEMENT
Title A Chaucer reader :
Remainder of title selections from the Canterbury tales /
Statement of responsibility, etc. Geoffrey Chaucer; edited by Charles W. Dunn.
246 ## - VARYING FORM OF TITLE
Title proper/short title The Canterbury tales.
Remainder of title
Date or sequential designation
Medium
Display text
Number of part/section of a work
Name of part/section of a work
260 ## - PUBLICATION, DISTRIBUTION, ETC.
Place of publication, distribution, etc. New York :
Name of publisher, distributor, etc. Harcourt, Brace and Co.,
Date of publication, distribution, etc. c1952.
300 ## - PHYSICAL DESCRIPTION
Extent xxxviii, 225 p. ;
Dimensions 20 cm.
504 ## - BIBLIOGRAPHY, ETC. NOTE
Bibliography, etc. note Includes bibliographical references (p. [xxxvii]-xxxviii).
650 #0 - SUBJECT ADDED ENTRY--TOPICAL TERM
Topical term or geographic name entry element Christian pilgrims and pilgrimages
Form subdivision Poetry.
700 1# - ADDED ENTRY--PERSONAL NAME
Personal name Dunn, Charles W. (Charles William),
Dates associated with a name 1915-
856 ## - ELECTRONIC LOCATION AND ACCESS
Host name
Uniform Resource Identifier <a href="http://academic.brooklyn.cuny.edu/webcore/murphy/canterbury/2genpro.pdf">http://academic.brooklyn.cuny.edu/webcore/murphy/canterbury/2genpro.pdf</a>
Link text The Canterbury tales
Public note
Materials specified
Holdings
Withdrawn status Lost status Source of classification or shelving scheme Damaged status Not for loan Collection code Home library Current library Shelving location Serial Enumeration / chronology Inventory number Total Checkouts Full call number Barcode Date last seen Price effective from Koha item type
    Dewey Decimal Classification     Main TEST RTC Library RTC Library Main opac 1330   821.1 CHA 30002097 27/11/2018 27/11/2018 Main
Royal Thimphu College || All Right Reserved